000 00435nam a2200145 i 4500
001 30224
003 ES-MaACL
007 t|
008 030124s1968 sp ||||1| cat d
100 1 _aBassa y Armengol, Manuel.
_926301
245 1 4 _aEls escuts heraldics dels pobles de Catalunya /
_cManuel Bassa y Armengol.
260 _aBarcelona :
_bMillá,
_c1968.
300 _a328 p., 49 lám. ;
_c24 cm.
852 _aES-MaACL
_jG-4039
_bR.65980
999 _c30224
_d30224